Statistics for Lyrics to Kiwi by Harry Styles

Click here to take the quiz!

General Stats

  • This quiz has been taken 5,468 times
  • The average score is 251 of 293

Answer Stats

Kiwi% Correct
a
99%
Bridge | Verse 1She
99%
she
99%
I
98%
of
97%
it
96%
I'm
94%
i'm
94%
baby
93%
In
93%
it's
92%
It's
92%
your
92%
an
91%
having
91%
me
91%
pack
91%
all
88%
cheap
88%
cigarettes
88%
Hard
88%
into
88%
none
88%
she's
88%
ChorusShe's
88%
such
87%
Such
87%
business
86%
crazy
85%
on
85%
And
84%
way
84%
ChorusDriving
83%
driving
83%
the
83%
but
82%
her
82%
through
82%
bit
81%
with
81%
boys
80%
kinda
80%
pretty
80%
face
79%
intellect
78%
they
78%
were
78%
liquor
77%
mixed
77%
saying
76%
think
76%
to
75%
black
74%
dress
74%
for
74%
neck
74%
New
74%
said
74%
up
74%
York
74%
actress
73%
getting
73%
cactus
72%
losing
72%
worked
70%
always
69%
jacked
68%
like
68%
home
67%
Oh
65%
goes
64%
candy
63%
backed
61%
When
61%
alone
60%
are
60%
dripping
60%
my
60%
pay
60%
feet
59%
over
59%
nose
58%
wet
58%
til'
56%
gonna
54%
Tunnel
54%
beside
52%
sits
52%
this
52%
now
49%
paid
47%
Holland
45%
silhouette
43%

Score Distribution

Percentile by Number Answered

Percent of People with Each Score

Your Score History

You have not taken this quiz